Distributional patterns of Chacoan water bungs (Heteroptera: Belostomatidae, Corixidae, Micronectidae and Gerridae) (Registro nro. 13372)

Detalles MARC
000 -CABECERA
Campo de control 004920000a22001450004500
090 ## - CLASIFICACIÓN LOCAL
Colección AR
Consecutivo 04275
041 0# - IDIOMA
Código de idioma para texto/pista de sonido o título separado
100 1# - ASIENTO PRINCIPAL--NOMBRE PERSONAL
Nombre personal Morrone, Juan J.
245 10 - MENCION DE TITULO
Título Distributional patterns of Chacoan water bungs (Heteroptera: Belostomatidae, Corixidae, Micronectidae and Gerridae)
500 ## - NOTA GENERAL
Nota general <Literatura de escarabajos coprófagos>
700 1# - ASIENTO SECUNDARIO - NOMBRE PERSONAL
Nombre personal Mazzucconi, Silvia A.
700 1# - ASIENTO SECUNDARIO - NOMBRE PERSONAL
Nombre personal Bachmann, Axel O.
773 1# - Item fuente:
Título Hydrobiologia
Paginas del Articulo 023718
Lugar, editorial y fecha de publicación 2004
Información sobre la relación 523
942 ## - ELEMENTOS ADICIONALES (KOHA)
Tipo de ítem Artículo
Existencias
Withdrawn status Lost status Damaged status No para préstamo Colección Ubicación Permanente Ubicación actual Fecha de adquisición Fuente de Valor Datos de publicación Seriada Total Checkouts Número topográfico Inventario / Código de Barras Date last seen Ejemplar Price effective from Forma de adquisición Tipo de material
      No para Préstamo Hemeroteca Bogotá Bogotá 20/11/2006 Trujillo, Diego Fuera de circulación   AR 04275 023718 25/03/2015 1 25/03/2015   Artículo